<?xml version="1.0" encoding="UTF-8"?>
<record
    xmlns:xsi="http://www.w3.org/2001/XMLSchema-instance"
    xsi:schemaLocation="http://www.loc.gov/MARC21/slim http://www.loc.gov/standards/marcxml/schema/MARC21slim.xsd"
    xmlns="http://www.loc.gov/MARC21/slim">

  <leader>02586nam a2200373 a 4500</leader>
  <controlfield tag="001">117984</controlfield>
  <controlfield tag="003">FlNmELB</controlfield>
  <controlfield tag="005">20241217174929.0</controlfield>
  <controlfield tag="006">m     o  d |      </controlfield>
  <controlfield tag="007">cr cn|||||||||</controlfield>
  <controlfield tag="008">130510s2005    mx      s     000 0 spa d</controlfield>
  <datafield tag="020" ind1=" " ind2=" ">
    <subfield code="z">9788469110027</subfield>
  </datafield>
  <datafield tag="035" ind1=" " ind2=" ">
    <subfield code="a">(MiAaPQ)EBC3177060</subfield>
  </datafield>
  <datafield tag="035" ind1=" " ind2=" ">
    <subfield code="a">(Au-PeEL)EBL3177060</subfield>
  </datafield>
  <datafield tag="035" ind1=" " ind2=" ">
    <subfield code="a">(CaPaEBR)ebr10280487</subfield>
  </datafield>
  <datafield tag="035" ind1=" " ind2=" ">
    <subfield code="a">(OCoLC)928816073</subfield>
  </datafield>
  <datafield tag="040" ind1=" " ind2=" ">
    <subfield code="a">FlNmELB</subfield>
    <subfield code="b">spa</subfield>
    <subfield code="c">FlNmELB</subfield>
  </datafield>
  <datafield tag="050" ind1=" " ind2="4">
    <subfield code="a">T58.5.</subfield>
    <subfield code="b">V126 2005eb</subfield>
  </datafield>
  <datafield tag="080" ind1=" " ind2=" ">
    <subfield code="a">007.5</subfield>
  </datafield>
  <datafield tag="082" ind1="0" ind2="4">
    <subfield code="a">004</subfield>
    <subfield code="2">23</subfield>
  </datafield>
  <datafield tag="100" ind1="1" ind2=" ">
    <subfield code="a">Vega Lebr&#xFA;n, Carlos Arturo.</subfield>
  </datafield>
  <datafield tag="245" ind1="1" ind2="0">
    <subfield code="a">Integraci&#xF3;n de herramientas de tecnolog&#xED;as de informaci&#xF3;n "portales colaborativos de trabajo" como soporte en la administraci&#xF3;n del conocimiento</subfield>
    <subfield code="h">[recurso electronico]</subfield>
    <subfield code="c">Carlos Arturo Vega Lebr&#xFA;n ; director, Jorge Mart&#xED;nez Carballido.</subfield>
  </datafield>
  <datafield tag="260" ind1=" " ind2=" ">
    <subfield code="a">Puebla :</subfield>
    <subfield code="b">Universidad Popular Aut&#xF3;noma del Estado de Puebla,</subfield>
    <subfield code="c">2005.</subfield>
  </datafield>
  <datafield tag="300" ind1=" " ind2=" ">
    <subfield code="a">182 p.</subfield>
  </datafield>
  <datafield tag="520" ind1=" " ind2=" ">
    <subfield code="a">En esta investigaci&#xF3;n se identifican los mecanismos existentes de transferencia del conocimiento, los servicios fundamentales que los portales colaborativos de trabajo requieren, sus recursos tecnol&#xF3;gicos necesarios para su creaci&#xF3;n e implementaci&#xF3;n y la construcci&#xF3;n de un modelo de administraci&#xF3;n de conocimiento que facilite el trabajo en ambientes colaborativos con soporte a la administraci&#xF3;n del conocimiento en los diferentes entornos (Productivo, Industrial, P&#xFA;blico, Privado, Acad&#xE9;mico y en Centros de Investigaci&#xF3;n). El modelo propuesto provee la transmisi&#xF3;n adecuada del conocimiento y experiencia del especialista de cada &#xE1;rea o disciplina hacia los colaboradores o participantes de la misma organizaci&#xF3;n. En la primera parte de la investigaci&#xF3;n se identifican las caracter&#xED;sticas adecuadas para la transmisi&#xF3;n del conocimiento que facilite el aprendizaje en ambientes virtuales y la identificaci&#xF3;n de los servicios requeridos en entornos colaborativos de trabajo. En la segunda etapa se desarrollo un modelo de transferencia del conocimiento adecuado a los medios de comunicaci&#xF3;n virtuales por Internet.</subfield>
  </datafield>
  <datafield tag="533" ind1=" " ind2=" ">
    <subfield code="a">Recurso electr&#xF3;nico. Santa Fe, Arg.: e-libro, 2015. Disponible v&#xED;a World Wide Web. El acceso puede estar limitado para las bibliotecas afiliadas a e-libro.</subfield>
  </datafield>
  <datafield tag="650" ind1=" " ind2="4">
    <subfield code="a">Tecnolog&#xED;a</subfield>
    <subfield code="x">Informaci&#xF3;n.</subfield>
  </datafield>
  <datafield tag="650" ind1=" " ind2="0">
    <subfield code="a">Information technology.</subfield>
  </datafield>
  <datafield tag="650" ind1=" " ind2="0">
    <subfield code="a">Management information systems.</subfield>
  </datafield>
  <datafield tag="655" ind1=" " ind2="4">
    <subfield code="a">Libros electr&#xF3;nicos.</subfield>
  </datafield>
  <datafield tag="700" ind1="1" ind2=" ">
    <subfield code="a">Mart&#xED;nez Carballido, Jorge,</subfield>
    <subfield code="e">dir.</subfield>
  </datafield>
  <datafield tag="710" ind1="2" ind2=" ">
    <subfield code="a">e-libro, Corp.</subfield>
  </datafield>
  <datafield tag="856" ind1="4" ind2="0">
    <subfield code="u">https://elibro.net/ereader/politecnicointernacional/94712</subfield>
  </datafield>
  <datafield tag="999" ind1=" " ind2=" ">
    <subfield code="c">117984</subfield>
    <subfield code="d">117984</subfield>
  </datafield>
</record>
